00465nam a2200193Ia 4500003000400000005001700004008004100021020002200062040000700084041000800091082002100099100001900120245002600139260003600165300001600201365001400217650002400231650001600255OSt20230519113039.0210423s2014 xx 000 0 und d a978-81-322-3109-7 cAL aeng a511.8 223bHEIM aHEINZ (Stefan) aMathematical modeling aNew YorkbSpringer Verlagc2014 axvi,460bPB b1195cINR aMathematical Models aMathematics